000 00559nam a22002057a 4500
005 20250226120001.0
008 170921b mx ||||| |||| 00| 0 spa d
020 _a9707030100
050 0 4 _aHM683
_bI34 2000
050 0 4 _aHM681
_bI35 2000
100 1 _aIglesias, Severo.
245 1 0 _aValores y sociedad
_c / Severo Iglesias.
250 _a1a ed.
260 _aMéxico :
_bTiempo y Obra,
_c2000.
300 _a358 p. ;
_c21 cm.
504 _aIncluye bibliografĂ­a
650 7 _2lemb
_aValores sociales
650 7 _2lemb
_aSociedad
942 _2lcc
_cLIB
999 _c136817
_d136817